| 000 | 00758na a2200253 4500 | ||
|---|---|---|---|
| 001 | 23273 | ||
| 003 | MIRAKIL | ||
| 005 | 20181213155312.0 | ||
| 008 | 181030b tu 000 0 | ||
| 020 | _a9755128492 | ||
| 040 |
_aMilas _btur _cTR-AnCHP |
||
| 041 | _atur | ||
| 082 |
_a344.561054026 _bY44d 2004 |
||
| 090 | _a344.561054026 Y44d 2004 | ||
| 100 | _aYılmaz, Halil | ||
| 245 |
_aDinlenme, eğlence, fuhuş,oyun, içki amaçlı açılması izne bağlı yerler _cHalil Yılmaz |
||
| 250 | _a3. bs. | ||
| 260 |
_aİstanbul _b[yayl.y.] _c2004 _fBaskı ofisim |
||
| 300 |
_axxvı, 414 s. _c19 |
||
| 504 | _aKaynakça var. | ||
| 650 |
_aDinlence-Eğlence merkezleri _xhukuk _zTürkiye |
||
| 650 |
_aHukuk ve mevzuat _xTürkiye |
||
| 942 |
_2ddc _cBKS |
||
| 999 |
_c10247 _d10247 |
||